[Event "CFriend AC-2003-S-00002 email"]
[Site "Chessfriend.com"]
[Date "2004.12.01"]
[Round "1"]
[White "Parnenzini, Pedro Alfonso"]
[Black "Bernhaupt, Erich"]
[Result "1/2-1/2"]
[WhiteElo "2335"]
[BlackElo "2337"]
[PlyCount "137"]
[EventDate "2004.??.??"]
[EventType "tourn (corr)"]
[EventRounds "6"]
[SourceTitle "Corr 2024"]
[Source "ChessBase"]
[SourceDate "2023.10.19"]
[SourceVersion "1"]
[SourceVersionDate "2023.10.19"]
[SourceQuality "1"]

1. e4 c5 2. Nf3 Nc6 3. d4 cxd4 4. Nxd4 Nf6 5. Nc3 e5 6. Ndb5 d6 7. Bg5 a6 8. Na3 b5 9. Bxf6 gxf6 10. Nd5 f5 11. c3 Bg7 12. exf5 Bxf5 13. Nc2 Be6 14. a4 0-0 15. axb5 axb5 16. Rxa8 Qxa8 17. Nce3 Qb7 18. g4 Ne7 19. Bg2 Nxd5 20. Bxd5 Qe7 21. h4 Rc8 22. g5 b4 23. cxb4 Rb8 24. Qd2 Bxd5 25. Nxd5 Qe6 26. Rg1 Kf8 27. Rg3 e4 28. Re3 Qe5 29. f4 Qf5 30. Nf6 d5 31. Qxd5 Qxd5 32. Nxd5 Rb5 33. Nf6 Bxf6 34. gxf6 Rxb4 35. b3 Ke8 36. Kd2 Kd7 37. Kc3 Rb6 38. Kd4 Kd6 39. Kxe4 Ke6 40. Kd4+ Kd6 41. Rd3 Kc6 42. Kc4 Kc7 43. Kd5 Rb5+ 44. Ke4 Kc6 45. Re3 Kd6 46. Kf3 h5 47. Ke4 Ke6 48. Kd4+ Kd6 49. Re7 Rb4+ 50. Ke3 Kd5 51. Re5+ Kd6 52. Kd3 Rxf4 53. Rxh5 Rxf6 54. Ke4 Rf1 55. Rb5 Ke7 56. h5 Kf6 57. b4 Rh1 58. h6 Kg6 59. Rb6+ f6 60. b5 Rxh6 61. Kd5 Rh1 62. Ra6 Rb1 63. b6 Kg5 64. Kc6 Rc1+ 65. Kd7 Rd1+ 66. Kc7 Rc1+ 67. Kb8 f5 68. b7 f4 69. Rb6 1/2-1/2

[Event "CFriend AC-2003-S-00002 email"]
[Site "Chessfriend.com"]
[Date "2004.12.01"]
[Round "1"]
[White "Weber, Daniel"]
[Black "Bernhaupt, Erich"]
[Result "1/2-1/2"]
[WhiteElo "2189"]
[BlackElo "2337"]
[PlyCount "68"]
[EventDate "2004.??.??"]
[EventType "tourn (corr)"]
[EventRounds "6"]
[SourceTitle "Corr 2024"]
[Source "ChessBase"]
[SourceDate "2023.10.19"]
[SourceVersion "1"]
[SourceVersionDate "2023.10.19"]
[SourceQuality "1"]

1. e4 c5 2. Nf3 Nc6 3. d4 cxd4 4. Nxd4 Nf6 5. Nc3 e5 6. Ndb5 d6 7. Bg5 a6 8. Na3 b5 9. Bxf6 gxf6 10. Nd5 f5 11. c3 Bg7 12. exf5 Bxf5 13. Nc2 0-0 14. Nce3 Bd7 15. Bd3 f5 16. Qh5 e4 17. Bc2 Kh8 18. f3 exf3 19. Qxf3 Qh4+ 20. g3 Ne5 21. Qf2 Qh6 22. 0-0 Ng4 23. Qd2 b4 24. Rae1 bxc3 25. bxc3 Be5 26. Re2 Nxe3 27. Qxe3 Qg7 28. Ref2 Rac8 29. Qd2 Rc5 30. Bxf5 Bxf5 31. Rxf5 Rxf5 32. Rxf5 Bxc3 33. Qe2 Be5 34. Qf3 Bd4+ 1/2-1/2

[Event "CFriend AC-2004-Q-00002 email"]
[Site "Chessfriend.com"]
[Date "2004.07.14"]
[Round "1"]
[White "Bernhaupt, Erich"]
[Black "Kasperek, Ryszard"]
[Result "1/2-1/2"]
[WhiteElo "2337"]
[BlackElo "2496"]
[PlyCount "50"]
[EventDate "2004.??.??"]
[EventType "tourn (corr)"]
[EventRounds "10"]
[SourceTitle "Corr 2024"]
[Source "ChessBase"]
[SourceDate "2023.10.19"]
[SourceVersion "1"]
[SourceVersionDate "2023.10.19"]
[SourceQuality "1"]

1. e4 c5 2. Nf3 Nc6 3. d4 cxd4 4. Nxd4 d5 5. exd5 Qxd5 6. Be3 e6 7. Nc3 Bb4 8. Ndb5 Qe5 9. a3 Be7 10. Be2 Nf6 11. Qd2 Qb8 12. Nd4 0-0 13. Rd1 e5 14. Nb3 Rd8 15. Qc1 Rxd1+ 16. Qxd1 Bf5 17. 0-0 Qc7 18. Nb5 Qd8 19. Qc1 a6 20. Rd1 Qf8 21. Nc3 Rd8 22. Bf3 Rxd1+ 23. Qxd1 Qd8 24. Qxd8+ Nxd8 25. Bc5 Kf8 1/2-1/2

[Event "CFriend AC-2004-Q-00002 email"]
[Site "Chessfriend.com"]
[Date "2004.07.14"]
[Round "1"]
[White "Bernhaupt, Erich"]
[Black "Zeihen, Pascal"]
[Result "1/2-1/2"]
[WhiteElo "2337"]
[BlackElo "2294"]
[PlyCount "71"]
[EventDate "2004.??.??"]
[EventType "tourn (corr)"]
[EventRounds "10"]
[SourceTitle "Corr 2024"]
[Source "ChessBase"]
[SourceDate "2023.10.19"]
[SourceVersion "1"]
[SourceVersionDate "2023.10.19"]
[SourceQuality "1"]

1. e4 c5 2. Nf3 d6 3. d4 cxd4 4. Nxd4 Nf6 5. Nc3 a6 6. Bc4 e6 7. Bb3 b5 8. Bg5 Be7 9. Qf3 Qc7 10. 0-0-0 Nbd7 11. e5 Bb7 12. Qg3 Nxe5 13. Bxe6 fxe6 14. Nxe6 Qc8 15. Nxg7+ Kf7 16. f4 Ne4 17. Nxe4 Bxe4 18. Qb3+ Qc4 19. Bxe7 Qxb3 20. axb3 Rac8 21. Rd2 Nc6 22. Re1 d5 23. Nh5 Nxe7 24. Ng3 Rhd8 25. Nxe4 dxe4 26. Rxe4 Rxd2 27. Kxd2 Rd8+ 28. Ke1 Nc6 29. c3 Na5 30. b4 Nb3 31. g4 Nc1 32. c4 Nd3+ 33. Ke2 Nxb2 34. cxb5 axb5 35. Re5 Nd3 36. Rxb5 1/2-1/2

[Event "CFriend AC-2004-Q-00002 email"]
[Site "Chessfriend.com"]
[Date "2004.07.14"]
[Round "1"]
[White "Savchak, Oleg"]
[Black "Bernhaupt, Erich"]
[Result "1/2-1/2"]
[WhiteElo "2349"]
[BlackElo "2337"]
[PlyCount "127"]
[EventDate "2004.??.??"]
[EventType "tourn (corr)"]
[EventRounds "10"]
[SourceTitle "Corr 2024"]
[Source "ChessBase"]
[SourceDate "2023.10.19"]
[SourceVersion "1"]
[SourceVersionDate "2023.10.19"]
[SourceQuality "1"]

1. e4 c5 2. Nf3 Nc6 3. d4 cxd4 4. Nxd4 Nf6 5. Nc3 e5 6. Ndb5 d6 7. Bg5 a6 8. Na3 b5 9. Bxf6 gxf6 10. Nd5 f5 11. Bd3 Be6 12. 0-0 Bxd5 13. exd5 Ne7 14. c3 Bg7 15. Qh5 e4 16. Bc2 0-0 17. Rae1 Rc8 18. Bb3 Qb6 19. Nc2 Rce8 20. Ne3 f4 21. Nf5 Nxf5 22. Qxf5 Re5 23. Qxf4 f5 24. Re3 Ree8 25. Rfe1 Be5 26. Qh4 Qa7 27. Kh1 Kh8 28. f4 Bf6 29. Qh5 Bd8 30. g4 Bb6 31. R3e2 Re7 32. Qh6 Ref7 33. Qxd6 Rf6 34. Qe5 Bc7 35. Qe7 R8f7 36. Qb4 Bd6 37. Qd4 Qxd4 38. cxd4 fxg4 39. Rxe4 Rf8 40. Re6 Bxf4 41. Kg2 Bd6 42. Rxf6 Rxf6 43. Re6 Kg7 44. Bd1 h5 45. h3 Rxe6 46. dxe6 gxh3+ 47. Kxh3 Kf6 48. d5 Kg5 49. Be2 Be7 50. b3 h4 51. Bxb5 a5 52. Bf1 Bc5 53. Bg2 Be7 54. Bh1 Bc5 55. Be4 Be7 56. Bf3 Kf5 57. Kg2 Bc5 58. Kf1 Ke5 59. Ke2 Kd4 60. Bg2 Bd6 61. Kd2 Bc5 62. Bf3 Bd6 63. Ke2 Bc5 64. Kd2 1/2-1/2

[Event "CFriend AR-2003-F-00004 email"]
[Site "Chessfriend.com"]
[Date "2004.05.07"]
[Round "1"]
[White "Bernhaupt, Erich"]
[Black "Krol, Wladyslaw Jakub"]
[Result "1/2-1/2"]
[WhiteElo "2337"]
[BlackElo "2228"]
[PlyCount "54"]
[EventDate "2004.??.??"]
[EventType "tourn (corr)"]
[EventRounds "12"]
[SourceTitle "Corr 2024"]
[Source "ChessBase"]
[SourceDate "2023.10.19"]
[SourceVersion "1"]
[SourceVersionDate "2023.10.19"]
[SourceQuality "1"]

1. e4 e5 2. Nf3 Nc6 3. Bb5 a6 4. Ba4 Nf6 5. 0-0 Ng4 6. d4 exd4 7. Nxd4 Nxd4 8. Qxg4 b5 9. c3 d5 10. Qd1 dxe4 11. cxd4 bxa4 12. f3 Be7 13. fxe4 0-0 14. Nc3 Rb8 15. Kh1 Rb4 16. Nd5 Rb5 17. Be3 Rxb2 18. Bc1 Rb5 19. Nxe7+ Qxe7 20. Qf3 Bb7 21. d5 c5 22. dxc6 Bxc6 23. Ba3 Qxe4 24. Qxe4 Bxe4 25. Bxf8 Kxf8 26. Rae1 Bd5 27. Rf2 a3 1/2-1/2

[Event "CFriend AR-2003-F-00004 email"]
[Site "Chessfriend.com"]
[Date "2004.05.07"]
[Round "1"]
[White "Tushev, Andrey"]
[Black "Bernhaupt, Erich"]
[Result "1/2-1/2"]
[WhiteElo "2186"]
[BlackElo "2346"]
[PlyCount "71"]
[EventDate "2004.??.??"]
[EventType "tourn (corr)"]
[EventRounds "12"]
[SourceTitle "Corr 2008"]
[Source "ChessBase"]
[SourceDate "2008.06.24"]
[SourceVersion "1"]
[SourceVersionDate "2008.06.24"]
[SourceQuality "1"]

1. e4 c5 2. Nc3 Nc6 3. g3 g6 4. Bg2 Bg7 5. d3 e6 6. Be3 d6 7. Qd2 Rb8 8. Nf3 b5 9. a3 a5 10. 0-0 b4 11. axb4 axb4 12. Na4 e5 13. Nh4 Nf6 14. h3 0-0 15. c4 Bd7 16. b3 Nh5 17. Nf3 f5 18. exf5 gxf5 19. Bg5 Qe8 20. Rfe1 Nf6 21. Ra2 Qh5 22. Nxc5 dxc5 23. Nxe5 Nxe5 24. Rxe5 Rbc8 25. Ra6 Rce8 26. Rxe8 Qxe8 27. Ra5 Qe5 28. Qe3 Qb2 29. Ra7 Re8 30. Qxc5 Bf8 31. Bd5+ Nxd5 32. Qxd5+ Be6 33. Qb5 Qe2 34. Bh6 Qh5 35. Bxf8 Qd1+ 36. Kg2 1/2-1/2

[Event "CFriend AR-2003-F-00004 email"]
[Site "Chessfriend.com"]
[Date "2004.05.07"]
[Round "1"]
[White "Weber, Karlheinz"]
[Black "Bernhaupt, Erich"]
[Result "1/2-1/2"]
[WhiteElo "2281"]
[BlackElo "2346"]
[PlyCount "53"]
[EventDate "2004.??.??"]
[EventType "tourn (corr)"]
[EventRounds "12"]
[SourceTitle "Corr 2008"]
[Source "ChessBase"]
[SourceDate "2008.06.24"]
[SourceVersion "1"]
[SourceVersionDate "2008.06.24"]
[SourceQuality "1"]

1. d4 Nf6 2. c4 e6 3. Nc3 Bb4 4. e3 0-0 5. Bd3 d5 6. Nf3 c5 7. 0-0 Nc6 8. a3 Bxc3 9. bxc3 Qc7 10. cxd5 exd5 11. a4 Re8 12. dxc5 Bg4 13. Ba3 Ne5 14. Be2 Ne4 15. Qd4 Nc6 16. Qd3 Re6 17. Nd4 Rh6 18. f4 Bxe2 19. Nxe2 Qe7 20. Rad1 Re8 21. Nd4 Nxd4 22. cxd4 Qh4 23. h3 Rg6 24. Rf3 Rg3 25. Rxg3 Qxg3 26. Rf1 Re6 27. f5 1/2-1/2

[Event "CFriend AM-2004-0-00011 email"]
[Site "Chessfriend.com"]
[Date "2004.04.25"]
[Round "?"]
[White "Hallengren, Boris"]
[Black "Bernhaupt, Erich"]
[Result "1/2-1/2"]
[WhiteElo "2261"]
[BlackElo "2353"]
[PlyCount "69"]
[EventDate "2004.??.??"]
[EventType "tourn (corr)"]
[EventRounds "12"]
[SourceTitle "Corr 2008"]
[Source "ChessBase"]
[SourceDate "2008.06.24"]
[SourceVersion "1"]
[SourceVersionDate "2008.06.24"]
[SourceQuality "1"]

1. e4 c5 2. Nf3 Nc6 3. d4 cxd4 4. Nxd4 Nf6 5. Nc3 e5 6. Ndb5 d6 7. Bg5 a6 8. Na3 b5 9. Bxf6 gxf6 10. Nd5 f5 11. Bd3 Be6 12. 0-0 Bxd5 13. exd5 Ne7 14. Nxb5 Bg7 15. Nc3 e4 16. Bc4 Ng6 17. Qh5 Bxc3 18. bxc3 Qf6 19. Qh6 Qxc3 20. Bb3 Ke7 21. Rab1 Rhg8 22. Ba4 Qg7 23. Qg5+ Kf8 24. Rb7 Qe5 25. Rfb1 Kg7 26. Bd7 Rab8 27. Qxf5 Rxb7 28. Qxe5+ Nxe5 29. Rxb7 Nxd7 30. Rxd7 Rc8 31. Kf1 Rxc2 32. a4 Ra2 33. Rxd6 Rxa4 34. Ke2 Ra3 35. Rb6 1/2-1/2

[Event "CFriend AM-2004-0-00011 email"]
[Site "Chessfriend.com"]
[Date "2004.04.25"]
[Round "?"]
[White "Pasierb, Siegmund"]
[Black "Bernhaupt, Erich"]
[Result "1/2-1/2"]
[WhiteElo "2432"]
[BlackElo "2328"]
[PlyCount "91"]
[EventDate "2004.??.??"]
[EventType "tourn (corr)"]
[EventRounds "12"]
[SourceTitle "Corr 2008"]
[Source "ChessBase"]
[SourceDate "2008.06.24"]
[SourceVersion "1"]
[SourceVersionDate "2008.06.24"]
[SourceQuality "1"]

1. e4 c5 2. Nf3 e6 3. d4 cxd4 4. Nxd4 Nc6 5. Nc3 Qc7 6. Be3 a6 7. Qd2 Nf6 8. 0-0-0 Bb4 9. f3 Ne5 10. Nb3 b5 11. Bd4 Be7 12. Qf2 d6 13. Kb1 Rb8 14. g4 h6 15. h4 b4 16. Ne2 a5 17. Ng3 a4 18. Nc1 Nfd7 19. Be2 Bf8 20. g5 Bb7 21. gxh6 Rxh6 22. h5 Nc4 23. f4 e5 24. Bxc4 Qxc4 25. Be3 Rf6 26. Rh4 Nc5 27. h6 Rxh6 28. Rxh6 gxh6 29. fxe5 b3 30. cxb3 Bxe4+ 31. Nxe4 Qxe4+ 32. Ka1 axb3 33. Rf1 Rb7 34. Bxc5 bxa2 35. Nb3 dxc5 36. Nxc5 Bxc5 37. Qxc5 Qg2 38. Qc8+ Ke7 39. Qc1 Qd5 40. Qxh6 Rc7 41. Qh4+ Kd7 42. Qa4+ Kc8 43. Rd1 Qc6 44. Qa3 Rd7 45. Rg1 Kb7 46. Qb3+ 1/2-1/2

[Event "CFriend AR-2003-Q-00001 email"]
[Site "Chessfriend.com"]
[Date "2003.12.03"]
[Round "1"]
[White "Jurkowitz, Romana"]
[Black "Bernhaupt, Erich"]
[Result "1/2-1/2"]
[WhiteElo "2516"]
[BlackElo "2346"]
[PlyCount "69"]
[EventDate "2003.??.??"]
[EventType "tourn (corr)"]
[EventRounds "12"]
[SourceTitle "Corr 2008"]
[Source "ChessBase"]
[SourceDate "2008.06.24"]
[SourceVersion "1"]
[SourceVersionDate "2008.06.24"]
[SourceQuality "1"]

1. e4 c5 2. Nf3 Nc6 3. d4 cxd4 4. Nxd4 Nf6 5. Nc3 e5 6. Ndb5 d6 7. Nd5 Nxd5 8. exd5 Nb8 9. c4 Be7 10. Be2 0-0 11. 0-0 a6 12. Nc3 f5 13. f3 Nd7 14. Kh1 f4 15. Bd2 Rf5 16. Ne4 Rh5 17. g3 fxg3 18. Nxg3 Rh4 19. Nf5 Rh5 20. Qc2 Nf8 21. Bd3 Qd7 22. Nxe7+ Qxe7 23. Be3 Nd7 24. Rg1 Nf6 25. Rg3 Rh3 26. Rag1 Rxg3 27. Rxg3 Kh8 28. Bg5 h6 29. Bxf6 Qxf6 30. Qb3 a5 31. Qb6 Bf5 32. Qxb7 Rg8 33. Qb3 Rf8 34. Bc2 h5 35. Bxf5 1/2-1/2

[Event "CFriend AR-2003-Q-00001 email"]
[Site "Chessfriend.com"]
[Date "2003.12.03"]
[Round "1"]
[White "Savchak, Oleg"]
[Black "Bernhaupt, Erich"]
[Result "1-0"]
[WhiteElo "2332"]
[BlackElo "2346"]
[PlyCount "105"]
[EventDate "2003.??.??"]
[EventType "tourn (corr)"]
[EventRounds "12"]
[SourceTitle "Corr 2008"]
[Source "ChessBase"]
[SourceDate "2008.06.24"]
[SourceVersion "1"]
[SourceVersionDate "2008.06.24"]
[SourceQuality "1"]

1. e4 c5 2. Nf3 Nc6 3. d4 cxd4 4. Nxd4 Nf6 5. Nc3 e5 6. Ndb5 d6 7. Bg5 a6 8. Na3 b5 9. Bxf6 gxf6 10. Nd5 f5 11. Bd3 Be6 12. c3 Bg7 13. Qh5 0-0 14. 0-0 f4 15. Rfd1 f5 16. Bc2 Bf7 17. Qf3 Ne7 18. Nxe7+ Qxe7 19. exf5 Rad8 20. Qe4 Bh5 21. f3 Qa7+ 22. Kh1 Kh8 23. Bb3 Rf6 24. Nc2 a5 25. Rd2 Be8 26. Rad1 Qb6 27. Be6 Bc6 28. Qe1 Bf8 29. b4 Bd7 30. Qe2 Bxe6 31. fxe6 Rxe6 32. Nd4 Rg6 33. bxa5 Qc7 34. Nxb5 Qxa5 35. Rd5 Qb6 36. c4 Ra8 37. a4 Kg8 38. Ra1 Rc8 39. a5 Qa6 40. Na3 Qa7 41. Nb5 Qa6 42. Qe4 Kh8 43. Qf5 Kg8 44. Ra4 Qb7 45. Qe4 Qa6 46. Nc3 Qa7 47. a6 Qf2 48. Qe2 Qh4 49. Nb5 Ra8 50. Ra2 Rg7 51. Rdd2 Kh8 52. Qe4 Qd8 53. Nxd6 1-0

[Event "CFriend AC-2003-Q-00013 email"]
[Site "Chessfriend.com"]
[Date "2003.09.01"]
[Round "?"]
[White "Bernhaupt, Erich"]
[Black "Munoz, Lazaro"]
[Result "1-0"]
[WhiteElo "2365"]
[BlackElo "1595"]
[PlyCount "67"]
[EventDate "2003.09.01"]
[EventType "tourn (corr)"]
[EventRounds "10"]
[SourceTitle "Corr 2008"]
[Source "ChessBase"]
[SourceDate "2008.06.24"]
[SourceVersion "1"]
[SourceVersionDate "2008.06.24"]
[SourceQuality "1"]

1. e4 e5 2. Nf3 Nc6 3. Bb5 a6 4. Ba4 Nf6 5. 0-0 b5 6. Bb3 Bc5 7. a4 Rb8 8. c3 d6 9. d4 Bb6 10. h3 0-0 11. Re1 Bb7 12. axb5 axb5 13. Bg5 h6 14. Bh4 g5 15. Bg3 Re8 16. d5 Ne7 17. Na3 Qd7 18. Nd2 Ra8 19. Qe2 c6 20. c4 Bd4 21. Nc2 Bxb2 22. Rxa8 Rxa8 23. Qf3 Kg7 24. Rb1 Ba3 25. dxc6 Nxc6 26. cxb5 Nd4 27. Nxd4 exd4 28. Qd3 Bb4 29. e5 dxe5 30. Bxe5 Bxd2 31. Qxd2 Qf5 32. Re1 Kg8 33. Qxd4 Ne4 34. Bc2 1-0